00335nam a2200133Ia 450000500170000000800410001705000240005824500480008226000220013030000280015244000060018052100070018652600080019320140403133315.0140130s9999 xx 000 0 und d aPZ 7b.D2394Am 1994 cPaula DanzigeraAmber Brown is not a Crayon bScholastic,c1994 a80 p. :bill. ;c21 cm. v1 aG5 c740